[Event "ESP-ch U12 rapid"]
[Site "Salobrena"]
[Date "2024.07.13"]
[Round "1"]
[White "Ferre Obrados, Climent"]
[Black "Ramos Cabezas, Alonso"]
[Result "1/2-1/2"]
[WhiteElo "1679"]
[BlackElo "1496"]
[PlyCount "97"]
[EventDate "2024.07.13"]
[EventType "swiss (rapid)"]
[EventRounds "9"]
[EventCountry "ESP"]
[SourceTitle "EXT 2025"]
[Source "ChessBase"]
[SourceDate "2024.10.14"]
[SourceVersion "1"]
[SourceVersionDate "2024.10.14"]
[SourceQuality "1"]

1. d4 d5 2. Bf4 Bf5 3. e3 e6 4. c4 c6 5. Nc3 Nf6 6. Qb3 Qd7 7. Nf3 Be7 8. Be2 0-0 9. c5 Ne4 10. Nxe4 Bxe4 11. 0-0 f6 12. Bg3 Qc8 13. Rac1 Nd7 14. Qa3 b6 15. b4 b5 16. Qb3 a5 17. a3 a4 18. Qd1 Bd8 19. Bd3 Bxd3 20. Qxd3 Bc7 21. e4 Bxg3 22. hxg3 Qc7 23. exd5 exd5 24. Rfe1 Rae8 25. Rxe8 Rxe8 26. Re1 Rxe1+ 27. Nxe1 Nf8 28. Qe3 Qd7 29. Nf3 Qe6 30. Kf1 Qxe3 31. fxe3 Kf7 32. Ke2 g5 33. g4 Ng6 34. g3 Ne7 35. Kd3 h6 36. Nh2 Kg6 37. Nf3 h5 38. gxh5+ Kxh5 39. Nh2 f5 40. Ke2 g4 41. Kd3 Ng6 42. Ke2 Nf8 43. Kd3 Nd7 44. Ke2 Nf6 45. Kd3 Ne4 46. Nf1 Kg5 47. Kc2 Nf2 48. Kd2 Ne4+ 49. Kc2 1/2-1/2

[Event "ESP-ch U10"]
[Site "Salobrena"]
[Date "2023.07.03"]
[Round "2"]
[White "Roo Perez, Xoel"]
[Black "Ramos Cabezas, Alonso"]
[Result "1/2-1/2"]
[WhiteElo "1416"]
[BlackElo "1185"]
[PlyCount "90"]
[EventDate "2023.07.03"]
[EventType "swiss"]
[EventRounds "9"]
[EventCountry "ESP"]
[SourceTitle "EXT 2024"]
[Source "ChessBase"]
[SourceDate "2023.10.10"]
[SourceVersion "1"]
[SourceVersionDate "2023.10.10"]
[SourceQuality "1"]

1. e4 c5 2. Nc3 d6 3. Nf3 Nf6 4. Bb5+ Bd7 5. Bxd7+ Nbxd7 6. d3 g6 7. 0-0 Bg7 8. Be3 0-0 9. Re1 Rc8 10. d4 a6 11. a4 Re8 12. h3 e5 13. d5 c4 14. Qe2 Nc5 15. Bg5 Ncd7 16. Nd2 Qc7 17. Be3 Rf8 18. f3 b6 19. f4 exf4 20. Bxf4 Rfe8 21. Qf2 Bf8 22. Bg5 Be7 23. Be3 Qd8 24. Ne2 Nh5 25. Rf1 Nhf6 26. Nd4 Ne5 27. N2f3 Nfd7 28. Nxe5 Nxe5 29. Bf4 f6 30. Kh1 Nf7 31. Nc6 Qc7 32. Bh2 Nd8 33. Nxe7+ Rxe7 34. Qxf6 Nb7 35. Rae1 Rce8 36. Rf3 Rf7 37. Qxf7+ Qxf7 38. Rxf7 Kxf7 39. e5 dxe5 40. Rxe5 Rxe5 41. Bxe5 Ke7 42. Kh2 Nc5 43. Kg3 Nxa4 44. Kh4 Nc5 45. Kg5 Nd7 1/2-1/2